002650000a220007300045001000020000002450128000200410013001487730030001611 aStiles, F. Gary10aBehavioral, ecological and morphological correlates of foraging for arthropods by the hummingbirds of a tropical wet forest0 aInglés1 tCondorq853-878d1995g97